भारती की ललित रचनाएँ / (Record no. 118987)

MARC details
000 -LEADER
fixed length control field 00930nam a22002537a 4500
005 - DATE AND TIME OF LATEST TRANSACTION
control field 20170124103125.0
010 ## - LIBRARY OF CONGRESS CONTROL NUMBER
LC control number 823456
020 ## - INTERNATIONAL STANDARD BOOK NUMBER
Terms of availability 00.00
035 ## - SYSTEM CONTROL NUMBER
System control number 823456
037 ## - SOURCE OF ACQUISITION
Source of stock number/acquisition Cen Lib/Ret
040 ## - CATALOGING SOURCE
Original cataloging agency DPL
Language of cataloging HN
082 ## - DEWEY DECIMAL CLASSIFICATION NUMBER
Classification number 820
Item number भारती
100 ## - MAIN ENTRY--PERSONAL NAME
Personal name भारती सु.मा.
9 (RLIN) 82810
245 ## - TITLE STATEMENT
Title भारती की ललित रचनाएँ /
Statement of responsibility, etc सु.मा. भारती
246 ## - VARYING FORM OF TITLE
Title proper/short title Bharti ki lalit rachnayen
Remainder of title by S.Ma. Bharti
260 ## - PUBLICATION, DISTRIBUTION, ETC. (IMPRINT)
Place of publication, distribution, etc दिल्ली
270 ## - ADDRESS
Address
300 ## - PHYSICAL DESCRIPTION
Extent xviii,141पृष्ठ.
Dimensions 20सेमी(सजिल्द)
650 ## - SUBJECT ADDED ENTRY--TOPICAL TERM
Topical term or geographic name as entry element हिंदी साहित्य
9 (RLIN) 82811
650 ## - SUBJECT ADDED ENTRY--TOPICAL TERM
Topical term or geographic name as entry element राष्ट्र कवि भारती - कथा साहित्य
9 (RLIN) 82812
650 ## - SUBJECT ADDED ENTRY--TOPICAL TERM
Topical term or geographic name as entry element hindi literature
9 (RLIN) 82813
650 ## - SUBJECT ADDED ENTRY--TOPICAL TERM
Topical term or geographic name as entry element National poet Bharati - Fiction
9 (RLIN) 82814
942 ## - ADDED ENTRY ELEMENTS (KOHA)
Source of classification or shelving scheme Dewey Decimal Classification
Koha item type Hindi Books
Classification part 820
Call number suffix भारती
Holdings
Withdrawn status Lost status Damaged status Not for loan Home library Current library Date acquired Source of acquisition Cost, normal purchase price Total Checkouts Full call number Barcode Date last seen Copy number Cost, replacement price Price effective from Koha item type
        Central Library Central Library 14/09/2015 Cen Lib/Ret 0.00   820 भारती 823456 14/09/2015 1 0.00 14/09/2015 Hindi Books

© Delhi Public Library
Hit Counter
free hit counter